High power microwaves / (Record no. 598451)

000 -LEADER
fixed length control field 00299nam a2200109Ia 4500
008 - FIXED-LENGTH DATA ELEMENTS--GENERAL INFORMATION
fixed length control field 230907s9999||||xx |||||||||||||| ||und||
082 ## - DEWEY DECIMAL CLASSIFICATION NUMBER
Classification number 621.3813
Author Mark BEN
100 ## - MAIN ENTRY--PERSONAL NAME
Personal name Benford, James.
9 (RLIN) 115462
245 #0 - TITLE STATEMENT
Title High power microwaves /
300 ## - PHYSICAL DESCRIPTION
Extent xiv pages, 2 unnumbered leaves, 453 pages :
942 ## - ADDED ENTRY ELEMENTS (KOHA)
Koha item type Book
Holdings
Withdrawn status Lost status Damaged status Not for loan Permanent Location Current Location Date acquired Total Checkouts Full call number Barcode Date last seen Price effective from Koha item type
        US-Pakistan Center for Advanced Studies in Energy (USPCAS-E) US-Pakistan Center for Advanced Studies in Energy (USPCAS-E) 07/18/2019   621.3813 BEN CAS-E0002550 09/12/2023 09/12/2023 Book
© 2023 Central Library, National University of Sciences and Technology. All Rights Reserved.